Normal view MARC view

Entry Nombre personal

Number of records used in: 1

001 - NÚMERO DE CONTROL

  • campo de control: 284

003 - IDENTIFICADOR DE NÚMERO DE CONTROL

  • campo de control: DLC

005 - FECHA Y HORA DE LA ÚLTIMA TRANSACCIÓN

  • campo de control: 20260128085730.0

008 - ELEMENTOS DE DATO DE LONGITUD-FIJA

  • campo de control de longitud fija: 071024n| azannaabn |n aaa c

010 ## - NÚMERO DE CONTROL DE LA BIBLIOTECA DEL CONGRESO

  • Número de control de LC: no2007128420

035 ## - NÚMERO DE CONTROL DEL SISTEMA

  • Número de control de sistema: (OCoLC)oca07562358

040 ## - FUENTE DE CATALOGACIÓN

  • Centro catalogador/agencia de origen: ViBlbV
  • Lengua de catalogación: eng
  • Normas de descripción: rda
  • Centro/agencia transcriptor: ViBlbV
  • Centro/agencia modificador: GVaS

100 1# - ENCABEZAMIENTO-NOMBRE DE PERSONA

  • Nombre de persona: Hitchcock, Helyn

372 ## - CAMPO DE ACTIVIDAD

  • Campo de actividad: Numerology
  • Campo de actividad: Theosophy
  • Fuente del término: lcsh

373 ## - GRUPO ASOCIADO

  • Grupo asociado: University of Michigan
  • Fuente del término: naf

374 ## - OCUPACIÓN

  • Ocupación: Occultists
  • Ocupación: Theosophists
  • Fuente del término: lcsh

375 ## - GÉNERO/SEXO

  • Género: Females
  • Fuente del término: lcdgt

377 ## - IDIOMA ASOCIADO

  • Código del idioma: eng

670 ## - FUENTE DE DATOS ENCONTRADOS

  • Cita de la fuente: Helping yourself with numerology, c1972:
  • Información encontrada: t.p. (Helyn Hitchcock); page 4 of cover (an Astarian and Theosophist, studied numerology for over thirty years; lecturer and teacher; A.B. degree from the University of Michigan)